|
|
|
|
| LEADER |
01528nam a2200397Ia 4500 |
| 001 |
EBC3014339 |
| 003 |
MiAaPQ |
| 005 |
20200520144314.0 |
| 006 |
m o d | |
| 007 |
cr cn||||||||| |
| 008 |
060313s2006 dcua sb i000 0 eng d |
| 035 |
|
|
|a (MiAaPQ)EBC3014339
|
| 035 |
|
|
|a (Au-PeEL)EBL3014339
|
| 035 |
|
|
|a (CaPaEBR)ebr10380704
|
| 035 |
|
|
|a (CaONFJC)MIL382637
|
| 035 |
|
|
|a (OCoLC)698585541
|
| 040 |
|
|
|a MiAaPQ
|c MiAaPQ
|d MiAaPQ
|
| 050 |
|
4 |
|a HG1285
|b .F49 2006
|
| 100 |
1 |
|
|a Feyzioglu, Tarhan.
|
| 245 |
1 |
0 |
|a Does inflation in China affect the United States and Japan?
|h [electronic resource] /
|c prepared by Tarhan Feyzioglu and Luke Willard.
|
| 260 |
|
|
|a [Washington, D.C.] :
|b International Monetary Fund,
|c 2006.
|
| 300 |
|
|
|a 29 p. :
|b ill.
|
| 490 |
1 |
|
|a IMF working paper ;
|v WP/06/36
|
| 500 |
|
|
|a "February 2006."
|
| 504 |
|
|
|a Includes bibliographical references (p. [28]-29).
|
| 533 |
|
|
|a Electronic reproduction. Ann Arbor, MI : ProQuest, 2015. Available via World Wide Web. Access may be limited to ProQuest affiliated libraries.
|
| 650 |
|
0 |
|a Inflation (Finance)
|z China.
|
| 650 |
|
0 |
|a Inflation (Finance)
|z United States.
|
| 650 |
|
0 |
|a Exports
|z China.
|
| 650 |
|
0 |
|a Prices
|z China.
|
| 655 |
|
4 |
|a Electronic books.
|
| 700 |
1 |
|
|a Willard, Luke.
|
| 710 |
2 |
|
|a International Monetary Fund.
|b Asia and Pacific Dept.
|
| 710 |
2 |
|
|a ProQuest (Firm)
|
| 830 |
|
0 |
|a IMF working paper ;
|v WP/06/36.
|
| 856 |
4 |
0 |
|u https://ebookcentral.proquest.com/lib/matrademy/detail.action?docID=3014339
|z Click to View
|